Les papas en danger ? : (notice nᵒ 5276)
[ vue normale ]
| 000 -LEADER | |
|---|---|
| fixed length control field | 02756 a2200337 4500 |
| 001 - CONTROL NUMBER | |
| control field | OB-editionsmsh-51952 |
| 003 - CONTROL NUMBER IDENTIFIER | |
| control field | FrMaCLE |
| 005 - DATE AND TIME OF LATEST TRANSACTION | |
| control field | 20251214082628.0 |
| 007 - PHYSICAL DESCRIPTION FIXED FIELD--GENERAL INFORMATION | |
| fixed length control field | cu ||||||m|||| |
| 008 - FIXED-LENGTH DATA ELEMENTS--GENERAL INFORMATION | |
| fixed length control field | 220208e||||||||xx |||||s|||||||||0|fr|d |
| 020 ## - INTERNATIONAL STANDARD BOOK NUMBER | |
| International Standard Book Number | 978-2-7351-2888-4 |
| 024 7# - OTHER STANDARD IDENTIFIER | |
| Standard number or code | 10.4000/books.editionsmsh.51952 |
| Source of number or code | doi |
| 040 ## - CATALOGING SOURCE | |
| Original cataloging agency | FR-FrMaCLE |
| 041 ## - LANGUAGE CODE | |
| Language code of text/sound track or separate title | fra |
| 100 1# - MAIN ENTRY--PERSONAL NAME | |
| Personal name | Leport, Édouard |
| 245 14 - TITLE STATEMENT | |
| Title | Les papas en danger ? : |
| Remainder of title | Des pères à l'assaut des droits des femmes / |
| Statement of responsibility, etc. | Édouard Leport. |
| 260 ## - PUBLICATION, DISTRIBUTION, ETC. | |
| Place of publication, distribution, etc. | Paris : |
| Name of publisher, distributor, etc. | Éditions de la Maison des sciences de l’homme, |
| Date of publication, distribution, etc. | 2022. |
| 300 ## - PHYSICAL DESCRIPTION | |
| Extent | 252 p. |
| 500 ## - GENERAL NOTE | |
| General note | Ebook |
| 520 ## - SUMMARY, ETC. | |
| Summary, etc. | Depuis le milieu des années 1970, des associations défendant les droits des pères — à l'image de SOS Papa ou de Les papas = Les mamans — ont imposé l'idée dans le débat public que les pères séparés seraient éloignés de leurs enfants par une justice favorisant les femmes. Après trois années d'enquête auprès de ces militants, le sociologue Edouard Leport révèle à contrario une réalité sombre : une part non négligeable des pères mobilisés sont accusés de violences conjugales ou de violences envers leurs enfants et tous sont en procédure de divorce conflictuelle. En off, lors des permanences des associations, les langues se délient et le combat de ces pères se révèle finalement très éloigné des préoccupations éducatives et des revendications d'égalité des sexes qu’ils affichent dans la sphère médiatique. Pour payer moins de pensions alimentaires et faire taire les dénonciations de leurs enfants et de leurs ex-femmes, ces hommes sont prêts à tout. Ils demandent notamment la reconnaissance médicale d’un « syndrome d’aliénation parentale » — une dangereuse théorie qui prétend que les accusations des enfants à l’égard de leurs pères sont nécessairement mensongères dans le cadre d’une séparation conflictuelle. En matière de violence, ces pères engagés ne sont malheureusement pas des exceptions : le nombre d’accusations les concernant reflète les violences que subissent les femmes et les enfants lors des séparations des parents. Aussi, Edouard Leport nous propose de déconstruire l’argumentaire bien ficelé de ces pères engagés, de sorte qu’il ne puisse plus être invoqué innocemment pour défendre la préséance des hommes. |
| 540 ## - TERMS GOVERNING USE AND REPRODUCTION NOTE | |
| Terms governing use and reproduction | OpenEdition Books License |
| Uniform Resource Identifier | <a href="https://www.openedition.org/12554">https://www.openedition.org/12554</a> |
| 650 #4 - SUBJECT ADDED ENTRY--TOPICAL TERM | |
| Topical term or geographic name entry element | Sociology |
| Topical term or geographic name entry element | droit |
| Topical term or geographic name entry element | famille |
| Topical term or geographic name entry element | féminisme |
| Topical term or geographic name entry element | paternité |
| Topical term or geographic name entry element | antiféminisme |
| Topical term or geographic name entry element | violence |
| 776 ## - ADDITIONAL PHYSICAL FORM ENTRY | |
| International Standard Book Number | 978-2-7351-2769-6 |
| 856 4# - ELECTRONIC LOCATION AND ACCESS | |
| Data provenance | Leport, Édouard |
| Uniform Resource Identifier | <a href="https://books.openedition.org/editionsmsh/51952">https://books.openedition.org/editionsmsh/51952</a> |
| Link text | Les papas en danger ? |
Pas d'exemplaire disponible.
